Přehled středoškolské matematiky

Enregistré dans:
Détails bibliographiques
Auteur principal: Polák, Josef
Format: Livre
Langue:tchèque
Publié: Praha Státní pedagogické nakladatelství 1983
Collection:Knižnice všeobecného vzdělání mládeže - Kostka
Tags: Ajouter un tag
Pas de tags, Soyez le premier à ajouter un tag!

MARC

LEADER 00000nam a2200000 4500
001 c115324
005 20041019155201.0
041 0 |a cze 
044 |a CZ 
245 1 0 |a Přehled středoškolské matematiky  |c Josef Polák 
264 1 |a Praha  |b Státní pedagogické nakladatelství  |c 1983 
300 |a 627 s. 
490 1 |a Knižnice všeobecného vzdělání mládeže - Kostka 
830 0 |a Knižnice všeobecného vzdělání mládeže - Kostka 
100 1 |a Polák, Josef